Urban fiscal crisis and forms of expenditure (Record no. 13844)

000 -LEADER
fixed length control field 00400pab a2200133 454500
008 - FIXED-LENGTH DATA ELEMENTS--GENERAL INFORMATION
fixed length control field 180718b1983 xxu||||| |||| 00| 0 eng d
100 ## - MAIN ENTRY--PERSONAL NAME
Personal name Kennedy, Michael D.
245 ## - TITLE STATEMENT
Title Urban fiscal crisis and forms of expenditure
Remainder of title An empirical evaluation of structurist urban theory
260 ## - PUBLICATION, DISTRIBUTION, ETC.
Date of publication, distribution, etc. 1983
300 ## - PHYSICAL DESCRIPTION
Extent 34-40
650 ## - SUBJECT ADDED ENTRY--TOPICAL TERM
Topical term or geographic name entry element Municipal Finance
773 ## - HOST ITEM ENTRY
Main entry heading Comparative Urbana Research
909 ## -
-- 13844
Holdings
Withdrawn status Lost status Damaged status Not for loan Permanent Location Current Location Date acquired Serial Enumeration / chronology Barcode Date last seen Price effective from Koha item type
        Indian Institute of Public Administration Indian Institute of Public Administration 2018-07-19 Volume no: 9, Issue no: 2 AR13887 2018-07-19 2018-07-19 Articles

Powered by Koha